000 01034cam a2200349Ia 4500
001 88343
005 20230410103741.0
008 040512s2004 nyuab 001 0 eng d
035 _a(OCoLC)ocm55129939
040 _aSFR
_cSFR
_dBTCTA
020 _a0789493896 (pbk.)
020 _a9780789493897 (pbk.)
035 _a(OCoLC)55129939
043 _ae-fr---
050 1 4 _a318 DC 708
_bE97 2004
082 0 0 _a914.4361
049 _aGRAL
245 0 0 _aEyewitness travel guides :
_bParis /
_cmain contributor, Alan Tillier.
246 3 0 _aParis
246 1 4 _aDK eyewitness travel guides Paris
260 _aNew York, N.Y. :
_bDK Pub.,
_c2004.
300 _a432 p. :
_bcol. ill., col. maps ;
_c23 cm.
490 1 _aEyewitness travel guides
500 _a"Reprinted with revisions ... 2004"--T.p. verso.
500 _aIncludes indexes.
651 0 _aParis (France)
_vGuidebooks.
700 1 _aTillier, Alan.
938 _aBaker and Taylor
_bBTCP
_nbl2005024579
942 _2lcc
_cbk
994 _aC0
_bDRFGD
946 _ardc
999 _c25114
_d25114